Upozornenie pre používateľov medzinárodnej medziknižničnej výpožičnej služby

Bibliographic Details
Main Author: Cikatricisová, Vlasta, 1949- (Author)
Format: Article
Language:Slovak
Subjects:

MARC

LEADER 00000nab a2200000 a 4500
001 vtls000227964
003 SK-MaSNL
005 20260305010024.0
008 111130c1985 xo 0 slo
015 |a SNBRB19rr/mm-uuuuu 
035 |a CL0238078 
040 |a SNKBUCL  |b slo  |c SNKBUCL  |e AACR2 
041 0 |a slo 
044 |a xo  |c SK 
080 |a 024.68  |2 1981 
080 |a 026  |2 1981 
080 |a 62(437.6-25)  |2 1981 
100 1 |a Cikatricisová, Vlasta,  |d 1949-  |4 aut  |9 213466 
245 1 0 |a Upozornenie pre používateľov medzinárodnej medziknižničnej výpožičnej služby  |c Vlasta Cikatricisová 
610 2 7 |a Slovenská technická knižnica  |2 snkbucl  |9 84849 
650 0 7 |a medziknižničná výpožičná služba  |2 snkbucl  |9 64702 
655 7 |a články z novín a časopisov  |2 snkbucl  |9 267496 
655 7 |a články z odboru knihovníctvo  |2 snkbucl  |9 166141 
773 0 |t Spravodajca Slovenskej technickej knižnice  |g Č. 3 (1985), s. 9 
850 |a Slovenská národná knižnica v Martine  |a MTA001 
852 |a SNK  |b KIS3GCP 
958 |a RK 
958 |a KL 
992 |a RBX 
999 |c 3244113  |d 3246043